000 00620cab a2200205 4500
001 WB3001-07
008 090401t1994 xxu||||| |||| 00| 0 eng d
035 _a(Sirsi) u41911
041 _aeng
245 _aPoundbury vision gets underway
260 _c1994
350 _a0
490 _aDaily Telegraph
_v3 January 1994, 9(1)
520 _aThe first houses at the Prince of Wales` Poundbury development are under construction. Section A, phase one should be complete by the end of 1994.
650 _aPOUNDBURY
650 _aPRINCE CHARLES
690 _aBUILT ENVIRONMENT
942 _n0
948 _c04/03/1997
999 _c26911
_d26911